Quiz sur Karim Benzema - Statistiques

Statistiques générales
  • Ce quiz a été pris 252 fois
  • Le résultat moyen est 13 sur 16
Statistiques - réponses
Question Réponse % Correct
Quel est le numéro de maillot porté par Karim Benzema durant la majeure partie de sa carrière au Real Madrid ? 9
100%
Parmi ces trophées, quelle compétition Karim Benzema a-t-il remporté avec l’Équipe de France en 2021 ? Ligue des Nations
100%
Parmi ces attaquants du football mondial, lequel n’a jamais évolué aux côtés de Karim Benzema au Real Madrid ? Luis Suàrez
100%
Avant de rejoindre le Real Madrid, dans quel club français Karim Benzema a-t-il évolué au début de sa carrière de footballeur ? Lyon
100%
Dans quel club de foot, Karim Benzema est-il resté durant 15 ans ? Real Madrid
100%
Quel club de football saoudien Karim Benzema a-t-il rejoint au début de la saison 2023-2024 ? Al-Ittihad
96%
Quelle est la seule Coupe du monde de foot dans laquelle Karim Benzema a participé à la phase finale ? 2014
84%
Combien de buts, Karim Benzema inscrit-il face au PSG pour qualifier le Real Madrid en quarts de finale de Ligue des champions en 2022 ? 3
84%
Quel attaquant et star du football mondial était le modèle de Karim Benzema à ses débuts ? Ronaldo ( R9)
84%
Karim Benzema a inscrit 354 buts au cours de sa carrière avec le Real Madrid. Vrai ou faux ? Vrai
84%
En 2023, combien de Ligues des champions Karim Benzema possède-t-il dans son armoire à trophées ? 5
80%
En quelle année, Karim Benzema a-t-il remporté son premier Ballon d’Or ? 2022
76%
Dans le titre « Fais-moi la passe », avec quel rappeur Karim Benzema fait-il une apparition en 2011 dans le monde de la musique ? Rohff
72%
Dans une interview de 2010, à quel animal José Mourinho avait-il comparé Karim Benzema, alors en mal de buts à ses débuts au Real Madrid ? Un chat
60%
Quel coach de football n’a jamais entraîné Karim Benzema l’année d’un titre national avec leur club ? Rafael Benitez
56%
Quel entraîneur de football a lancé Karim Benzema avec l’Olympique Lyonnais le 15 janvier 2005 pour sa première apparition en Ligue 1 ? Paul Le Guen
44%
Aucun quiz correspondant
Distribution des résultats
% des personnes avec chaque résultat
Percentile par nombre de réponses
Votre historique - résultats
Vous n’avez pas pris ce quiz